• 首页
  • 本馆介绍
  • 公告通知
  • 最新文献
  • 馆藏检索
  • 电子资源
  • 读者导购
  • 参考咨询
  • 我的图书馆
  • 登录
  • 详细信息显示
  • 放入我的书架
  • 预约/预借图书
  • 作者相关作品
  • 分类相关作品
  • 丛书相关作品
  • 出版社相关作品

书目信息

  • 表格格式
  • 工作单格式
  • 卡片格式
题名:
英汉航空流体力学词汇
    
 
作者: 黄绍龄 译
分册:  
出版信息: 北京   科学出版社  1976
页数: 249页
开本: 20cm
丛书名:
单 册:
中图分类: V21-61
科图分类:
主题词: 航空--理论 , 航空--试验
电子资源:
ISBN:
000 00592nam0 2200217 45
001 0312221749
005 20040513160657.9
010    @dCNY1.50
091    @a17031.24
100    @a20031222d1976 km y0chiy0120 ea
101    @achi
105    @a z 000yy
200 1  @a英汉航空流体力学词汇@AYing Han Hang Kong Liu Ti Li Xue Ci Hui@f黄绍龄等译@FHuang Shao Ling Deng Yi
210    @a北京@c科学出版社@d1976
215    @a249页@d20cm
606 0  @a航空@x理论
606 0  @a航空@x试验
690    @aV21-61@v3
701 0  @a黄绍龄@4译
801    @aCN@bTSTCL@c20031222
905    @dV21-61@f1@b218077@e6
    
    英汉航空流体力学词汇/黄绍龄等译.-北京:科学出版社,1976
    249页;20cm
    
    
    ISBN :CNY1.50
    
●
相关链接 在E读中查询图书 在五车中查询图书 在当当中查询图书 在豆瓣中查询图书


正题名:英汉航空流体力学词汇     索取号:V21-61/6         预约/预借

序号 登录号 条形码 馆藏地/架位号 状态 备注
1 0218077   001486813   第二样本阅览室/ [索取号:V21-61/6] 在馆    
唐山师范学院图书馆 欢迎您!
大连网信软件有限公司© 版权所有